000 00417 a2200157 4500
999 _c320995
_d320995
001 85922
003 NUST
005 20180121180835.0
008 180120b xxu||||| |||| 00| 0 eng d
020 _a9780893842710
082 _a658.049 LOD
100 _aGeorge C Lodge
_99317
245 _aManaging globalization in the age of interdependence
_hEnglish
250 _a1st
260 _aJohannesburg
_bPfeiffer
_c1995
300 _axv, 128 p
500 _aGifted By AM Masood Akhtar
942 _acaenust
_cBK
_k658.049 LOD
_2ddc